| 000 | 02068nam a2200457 c 4500 | ||
|---|---|---|---|
| 003 | BLK | ||
| 005 | 20180422104922.0 | ||
| 008 | 180408b bul|||||r ||||||| ||bul|| | ||
| 010 | _aKNG00099286000 | ||
| 020 |
_a978-954-322-364-0 _bиздат.: Акад. изд. Проф. Марин Дринов |
||
| 040 | _aBLK | ||
| 041 |
_aBUL _cBUL |
||
| 072 | 7 |
_2bullib _aН33 _xИкономика Н |
|
| 080 |
_aСтопански кризи. Депресии _b338.124.4 _x _z338.124.4 |
||
| 080 |
_aУправление на стопанството. Стопанско ръководство. Методи на управление. _b338.24 _x(497.2) _z338.24(497.2) |
||
| 100 | 1 |
_aАнгелов, Иван _eпърви автор _9363668 |
|
| 700 | 1 |
_aЗлатанов, Иван Ангелов _e* _9373985 |
|
| 139 |
_aАнгелов, Иван _bА 64 |
||
| 245 | 1 | 0 |
_aСветовната икономическа криза и България _cИван Ангелов; * Иван Ангелов Златанов. |
| 246 | 1 | 1 | _aGlobal Economic Crisis and Bulgaria |
| 257 | _aBGR | ||
| 260 |
_аСофия _bАкад. изд. Проф. Марин Дринов _c2010 |
||
| 300 |
_a368 с. _bс табл., сх., диагр. _c24 см |
||
| 380 | _a3 | ||
| 500 | _aПълното име на авт. е Иван Ангелов Златанов. - Съдържа и за авт. - Библиогр. под линия ; Рез. на англ. ез. | ||
| 650 | 4 |
_aСтопански кризи _9277610 |
|
| 650 | 4 |
_aСветовно стопанство _9251664 |
|
| 650 | 4 |
_aБългария - стопанска политика _9269884 |
|
| 651 | 4 |
_aБългария _9241624 |
|
| 653 | _aстопански кризи | ||
| 653 | _aсветовно стопанство | ||
| 653 | _aстопанска политика | ||
| 653 | _aБългария | ||
| 659 | _aН | ||
| 720 |
_aIvan Angelov _eпаралелен автор |
||
| 852 | _aЦб 250690 | ||
| 856 | 4 |
_qpdf _u |
|
| 856 | 4 |
_qpdf _u |
|
| 942 |
_cKNG _n0 |
||
| 944 |
_aCR _c07.02.2011 _kЛюдмила_Стоянова |
||
| 944 |
_aED _c20.12.2012 _k |
||
| 999 |
_c94464 _d94464 |
||